000 00420nam a2200133Ia 4500
008 151001s9999||||xx |||||||||||||| ||und||
100 _aसुदर्शन भाटीया
245 _aसच्चा सुख निरोगी काया
250 _a1
260 _bराष्ट्रीय साहित्य प्रकाशन
260 _c2007
300 _a119
365 _b21
999 _c990995
_d990992